000
00272nam a2200109Ia 4500
008
200302s9999 xx 000 0 und d
100
_a
Jutta Jain - Neubauer
245
_a
Water design environment and histories
260
_b
Marg Foundation
260
_c
2016
300
_a
141
999
_c
6326
_d
6326